|
|
|
|
| LEADER |
01532nam a2200409Ia 4500 |
| 001 |
EBC459553 |
| 003 |
MiAaPQ |
| 005 |
20200520144314.0 |
| 006 |
m o d | |
| 007 |
cr cn||||||||| |
| 008 |
060502s2006 dcu sb 001 0 eng d |
| 010 |
|
|
|z 2006046424
|
| 020 |
|
|
|z 0821366475
|
| 035 |
|
|
|a (MiAaPQ)EBC459553
|
| 035 |
|
|
|a (Au-PeEL)EBL459553
|
| 035 |
|
|
|a (CaPaEBR)ebr10130759
|
| 035 |
|
|
|a (CaONFJC)MIL50350
|
| 035 |
|
|
|a (OCoLC)935270936
|
| 040 |
|
|
|a MiAaPQ
|c MiAaPQ
|d MiAaPQ
|
| 050 |
|
4 |
|a HD6300
|b .D53 2006
|
| 082 |
0 |
4 |
|a 331.6/2
|2 22
|
| 245 |
0 |
0 |
|a Diaspora networks and the international migration of skills
|h [electronic resource] :
|b how countries can draw on their talent abroad /
|c edited by Yevgeny Kuznetsov.
|
| 260 |
|
|
|a Washington, DC :
|b World Bank,
|c 2006.
|
| 300 |
|
|
|a x, 237 p.
|
| 490 |
1 |
|
|a WBI development studies
|
| 504 |
|
|
|a Includes bibliographical references and index.
|
| 533 |
|
|
|a Electronic reproduction. Ann Arbor, MI : ProQuest, 2015. Available via World Wide Web. Access may be limited to ProQuest affiliated libraries.
|
| 650 |
|
0 |
|a Foreign workers.
|
| 650 |
|
0 |
|a Human capital.
|
| 650 |
|
0 |
|a Brain drain.
|
| 650 |
|
0 |
|a Employment in foreign countries.
|
| 650 |
|
0 |
|a Emigration and immigration
|x Economic aspects.
|
| 655 |
|
4 |
|a Electronic books.
|
| 700 |
1 |
|
|a Kuznetsov, Yevgeny
|q (Yevgeny N.),
|d 1964-
|
| 710 |
2 |
|
|a ProQuest (Firm)
|
| 830 |
|
0 |
|a WBI development studies.
|
| 856 |
4 |
0 |
|u https://ebookcentral.proquest.com/lib/matrademy/detail.action?docID=459553
|z Click to View
|